| 000 | 01012nam a2200241 a 4500 | ||
|---|---|---|---|
| 001 | 000003287 | ||
| 003 | DO-SdBNP | ||
| 005 | 20260305073950.0 | ||
| 008 | 090707s1978 dr d 001 0 spa d | ||
| 040 |
_aDO-SdBNP _bspa _cBNPHU |
||
| 082 | 4 |
_a338.91 _bV422e _222 |
|
| 100 | 1 |
_aVega, Bernardo, _d1938 - _93222 |
|
| 245 | 1 | 0 |
_aEstudio de las implicaciones de la incorporación de la República Dominicana a la comunidad del Caribe / _cBernardo Vega ; prólogo Frank Moya Pons. |
| 260 |
_aSanto Domingo : _bFondo para el avance de las ciencias sociales : _bAcademia de Ciencias de la República Dominicana, _c1978. |
||
| 300 |
_axxxvii, 247p. : _bdiag. ; _c21 cm. |
||
| 500 | _aIncluye índice. | ||
| 500 | _aIncluye índice de cuadros. | ||
| 500 | _aIncluye datos biográficos del autor en la contracubierta. | ||
| 504 | _aIncluye referencias bibliográficas (239-247 p.) | ||
| 651 | 0 |
_aCaribe (Región) _xIntegración económica _987401 |
|
| 700 | 1 |
_aMoya Pons, Frank, _d1944- _epról. _92095 |
|
| 942 |
_2ddc _cLBS1 |
||
| 999 |
_c3118 _d3118 |
||